Un demi-siecle de politiques en faveur des bas salaires au Costa Rica: conséquences sur le pouvoir d'aghat géneral et alimentaire. Medio siglo de políticas a favor de los salarios mínimos mas bajos en Costa Rica: consecuencias sobre el poder general de co
Saved in:
| Main Author: | |
|---|---|
| Format: | Text |
| Published: |
Guatemala:
INCAP. ORSTONM
|
| Tags: |
Add Tag
No Tags, Be the first to tag this record!
|
MARC
| LEADER | 00000 a a2200000 04500 | ||
|---|---|---|---|
| 001 | 23706 | ||
| 003 | |||
| 040 | |a CRAI/IIS |c CRAI/IIS | ||
| 090 | |a 167000 | ||
| 100 | |a Laure, Joseph | ||
| 245 | |a Un demi-siecle de politiques en faveur des bas salaires au Costa Rica: conséquences sur le pouvoir d'aghat géneral et alimentaire. Medio siglo de políticas a favor de los salarios mínimos mas bajos en Costa Rica: consecuencias sobre el poder general de co | ||
| 260 | |a Guatemala: |b INCAP. ORSTONM | ||
| 300 | |a 73 p.; vol. 20 | ||
| 500 | |a Libro también en español | ||
| 999 | |c 4494 |d 4494 | ||
